[Event "1900+ Master norm tournament, 30+1"]
[Site "SchemingMind.com"]
[Date "2009.07.22"]
[Round "-"]
[White "klagefall"]
[Black "Darko"]
[Result "1-0"]
[WhiteCountry "GER"]
[BlackCountry "ROU"]
[WhiteElo "2060"]
[WhiteRD "60"]
[BlackElo "1977"]
[BlackRD "73"]
[GameID "213409"]

1. d4 Nf6 2. c4 e6 3. Nf3 d5 4. Bg5 dxc4 5. Qa4+ Nbd7 6. e4 Be7 7. Nbd2 O-O 8. Bxc4 c6 9. Qc2 b5 10. Bd3 h6
11. Bh4 Bb7 12. O-O a5 13. a3 Qb6 14. e5 Nd5 15. Bxe7 Nxe7 16. Ne4 Rac8 17. Rac1 Nd5 18. Nc5 Qc7 19. Be4 f5 20. Nxe6 Qb6
21. Nxf8 Rxf8 22. Bxd5+ cxd5 23. Qc7
1-0

[Event "1900+ Master norm tournament, 30+1"]
[Site "SchemingMind.com"]
[Date "2009.07.24"]
[Round "-"]
[White "Phil Cook"]
[Black "dvaldez"]
[Result "1-0"]
[WhiteCountry "NZL"]
[BlackCountry "CAN"]
[WhiteElo "2115"]
[WhiteRD "72"]
[BlackElo "1978"]
[BlackRD "72"]
[GameID "213424"]

1. f4 d5 2. Nf3 g6 3. e3 Bg7 4. Be2 Nf6 5. O-O O-O 6. Nc3 c5 7. d4 b6 8. Ne5 Bb7 9. Bd2 Ne4 10. Nxe4 dxe4
11. dxc5 bxc5 12. Bc3 Nc6 13. Nd7 Bxc3 14. bxc3 Re8 15. Nxc5 Na5 16. Qd4 Qc7 17. Nxb7 Qxb7 18. Qe5 Qb6 19. Qxe4 Rac8 20. Rab1 Qf6
21. f5 Qxc3 22. Bd3 Qc6 23. Qf4 e5 24. Qh6 Qd6 25. Rb5 e4 26. Be2 Rc5 27. f6
1-0

[Event "1900+ Master norm tournament, 30+1"]
[Site "SchemingMind.com"]
[Date "2009.07.22"]
[Round "-"]
[White "Phil Cook"]
[Black "Tanis"]
[Result "1-0"]
[WhiteCountry "NZL"]
[BlackCountry "CHN"]
[WhiteElo "2115"]
[WhiteRD "72"]
[BlackElo "1979"]
[BlackRD "82"]
[GameID "213425"]

1. e4 e6 2. d4 d5 3. Nc3 Bb4 4. e5 c5 5. a3 Bxc3+ 6. bxc3 Ne7 7. Nf3 Bd7 8. Be2 Qc7 9. O-O Ba4 10. Bd3 O-O
11. Ra2 Nbc6 12. Bxh7+ Kxh7 13. Ng5+ Kg6 14. Qg4
1-0

[Event "1900+ Master norm tournament, 30+1"]
[Site "SchemingMind.com"]
[Date "2009.07.22"]
[Round "-"]
[White "Phil Cook"]
[Black "maaac"]
[Result "1-0"]
[WhiteCountry "NZL"]
[BlackCountry "AUS"]
[WhiteElo "2038"]
[WhiteRD "75"]
[BlackElo "1936"]
[BlackRD "68"]
[GameID "213426"]

1. d4 Nf6 2. c4 e6 3. Nf3 b6 4. g3 Bb7 5. Bg2 Bb4+ 6. Bd2 Qe7 7. O-O O-O 8. Bxb4 Qxb4 9. Qd2 Qxd2 10. Nbxd2 c5
11. dxc5 bxc5 12. Rad1 Na6 13. e4 d6 14. e5 dxe5 15. Nxe5 Bxg2 16. Kxg2 Rab8 17. Nb3 Rfc8 18. Rd2 Nb4 19. Na5 Nxa2 20. Nec6 Nb4
21. Nxb8 Rxb8 22. Re1 Kf8 23. f4 h5 24. Re5 Rc8 25. Nb3 Na6 26. Rd6
1-0

[Event "1900+ Master norm tournament, 30+1"]
[Site "SchemingMind.com"]
[Date "2009.07.27"]
[Round "-"]
[White "Phil Cook"]
[Black "Buckaroo Bob"]
[Result "1/2-1/2"]
[WhiteCountry "NZL"]
[BlackCountry "USA"]
[WhiteElo "2097"]
[WhiteRD "73"]
[BlackElo "2012"]
[BlackRD "77"]
[GameID "213427"]

1. Nf3 c5 2. c4 Nf6 3. Nc3 e6 4. g3 b6 5. Bg2 Bb7 6. O-O a6 7. d4 cxd4 8. Qxd4 d6 9. Be3 Nbd7 10. Ng5 Bxg2
11. Kxg2 Qc7 12. Nce4 h6 13. Nxf6+ Nxf6 14. Ne4 Be7 15. Qxb6 Qxc4 16. Nxd6+ Bxd6 17. Qxd6 Rd8 18. Qa3 Qxe2 19. Rac1 Nd5 20. Bc5 Qb5
21. Rfe1=
1/2-1/2

[Event "1900+ Master norm tournament, 30+1"]
[Site "SchemingMind.com"]
[Date "2009.07.22"]
[Round "-"]
[White "Phil Cook"]
[Black "Darko"]
[Result "1-0"]
[WhiteCountry "NZL"]
[BlackCountry "ROU"]
[WhiteElo "2115"]
[WhiteRD "72"]
[BlackElo "1977"]
[BlackRD "73"]
[GameID "213428"]

1. e4 c5 2. Nf3 d6 3. d4 cxd4 4. Nxd4 Nf6 5. Nc3 a6 6. Bd3 e5 7. Nb3 Be7 8. O-O Be6 9. Qf3 O-O 10. Bd2 b5
11. a4 b4 12. Nd5 a5 13. Bb5 Nbd7 14. c4 Ne8 15. Bxd7 Bxd7 16. Be3 Ra6 17. Nxa5 Qxa5 18. Nxe7+ Kh8 19. b3 Qd8 20. Nd5 f5
21. g4 fxg4 22. Qxf8#
1-0

[Event "1900+ Master norm tournament, 30+1"]
[Site "SchemingMind.com"]
[Date "2009.07.22"]
[Round "-"]
[White "Phil Cook"]
[Black "klagefall"]
[Result "1-0"]
[WhiteCountry "NZL"]
[BlackCountry "GER"]
[WhiteElo "2038"]
[WhiteRD "75"]
[BlackElo "2045"]
[BlackRD "56"]
[GameID "213429"]

1. c4 e6 2. Nc3 d5 3. d4 Be7 4. Nf3 Nf6 5. Bg5 O-O 6. e3 h6 7. Bh4 b6 8. Bd3 Bb7 9. O-O Nbd7 10. cxd5 Nxd5
11. Nxd5 Bxd5 12. Bg3 c5 13. Rc1 cxd4 14. Bc7 Qe8 15. Nxd4 Nc5 16. Bb5 Qc8 17. Bf4 Qb7 18. b4 Bxg2 19. Re1 a6 20. bxc5 bxc5
21. Bd3 Bh3 22. Qf3
1-0

[Event "1900+ Master norm tournament, 30+1"]
[Site "SchemingMind.com"]
[Date "2009.07.24"]
[Round "-"]
[White "dvaldez"]
[Black "Phil Cook"]
[Result "0-1"]
[WhiteCountry "CAN"]
[BlackCountry "NZL"]
[WhiteElo "1978"]
[WhiteRD "72"]
[BlackElo "2115"]
[BlackRD "72"]
[GameID "213430"]

1. e4 c5 2. Nf3 d6 3. d4 cxd4 4. Nxd4 Nf6 5. Nc3 a6 6. Be3 e5 7. Nb3 Be7 8. f3 O-O 9. Qd2 Be6 10. O-O-O Nbd7
11. g4 Nb6 12. g5 Nfd7 13. h4 a5 14. Kb1 a4 15. Nc1 f5 16. gxf6 Nxf6 17. h5 a3 18. b3 Rc8 19. Nb5 d5 20. exd5 Nfxd5
21. Bh3 Bxh3 22. Bxb6 Qxb6 23. Rxh3 Rfd8 24. c4 Ne3
0-1

[Event "1900+ Master norm tournament, 30+1"]
[Site "SchemingMind.com"]
[Date "2009.07.22"]
[Round "-"]
[White "Tanis"]
[Black "Phil Cook"]
[Result "0-1"]
[WhiteCountry "CHN"]
[BlackCountry "NZL"]
[WhiteElo "1882"]
[WhiteRD "70"]
[BlackElo "2097"]
[BlackRD "73"]
[GameID "213431"]

1. e4 c5 2. Nf3 d6 3. d4 cxd4 4. Nxd4 Nf6 5. Nc3 a6 6. Bg5 e5 7. Nb3 Be7 8. Bd3 O-O 9. Bxf6 Bxf6 10. O-O Bg5
11. Qe2 Nd7 12. Rad1 Nf6 13. Bc4 Bg4 14. f3 Qb6+ 15. Kh1 Bd7 16. Nd5 Nxd5 17. Bxd5 Rac8 18. c4 Qc7 19. Nd2 b6 20. b3 Qc5
21. Nb1 Rc7 22. Rd3 b5 23. Rfd1 b4 24. Nd2 a5 25. Nf1 a4 26. bxa4 Bxa4 27. Rb1 Ra7 28. Ng3 g6 29. Qb2 Rb8 30. Ne2 Ra6
31. h3 Qf2 32. Ra3 Be3 33. Kh2 Ra7
0-1

[Event "1900+ Master norm tournament, 30+1"]
[Site "SchemingMind.com"]
[Date "2009.07.22"]
[Round "-"]
[White "maaac"]
[Black "Phil Cook"]
[Result "0-1"]
[WhiteCountry "AUS"]
[BlackCountry "NZL"]
[WhiteElo "1936"]
[WhiteRD "68"]
[BlackElo "2038"]
[BlackRD "75"]
[GameID "213432"]

1. d4 Nf6 2. c4 e6 3. g3 d5 4. Nf3 dxc4 5. Qa4+ Nbd7 6. Qxc4 Bd6 7. Bg2 Nb6 8. Qc2 O-O 9. O-O Nfd5 10. a3 f5
11. Nc3 Nxc3 12. bxc3 c5 13. Bb2 Bd7 14. e4 Bc6 15. Nd2 cxd4 16. cxd4 Qd7 17. a4 Bxa4 18. Qc3 Rac8 19. Qe3 f4 20. Qe1 Rc2
21. Ba3 Bxa3 22. Rxa3 Bb5 23. Rxa7 Bxf1 24. Bxf1 fxg3 25. hxg3 Qxd4
0-1

[Event "1900+ Master norm tournament, 30+1"]
[Site "SchemingMind.com"]
[Date "2009.07.27"]
[Round "-"]
[White "Buckaroo Bob"]
[Black "Phil Cook"]
[Result "1/2-1/2"]
[WhiteCountry "USA"]
[BlackCountry "NZL"]
[WhiteElo "2012"]
[WhiteRD "77"]
[BlackElo "2097"]
[BlackRD "73"]
[GameID "213433"]

1. c4 Nf6 2. Nc3 e6 3. e4 d5 4. e5 d4 5. exf6 dxc3 6. bxc3 Qxf6 7. Nf3 c5 8. Bd3 Bd6 9. Be4 O-O 10. d4 h6
11. O-O Nd7 12. Rb1 Rb8 13. Qa4 a6 14. Be3 b6 15. Bc6 Qe7 16. Rfe1 Rd8 17. g3 Nf6 18. Ne5 Bxe5 19. dxe5 Ng4 20. Bf4 g5=
1/2-1/2

[Event "1900+ Master norm tournament, 30+1"]
[Site "SchemingMind.com"]
[Date "2009.07.22"]
[Round "-"]
[White "Darko"]
[Black "Phil Cook"]
[Result "1/2-1/2"]
[WhiteCountry "ROU"]
[BlackCountry "NZL"]
[WhiteElo "2018"]
[WhiteRD "73"]
[BlackElo "2097"]
[BlackRD "73"]
[GameID "213434"]

1. d4 Nf6 2. c4 e6 3. Nf3 b5 4. cxb5 Bb7 5. e3 d5 6. Nc3 Bd6 7. Bd3 O-O 8. Qc2 c5 9. bxc6 Nxc6 10. a3 Rc8
11. O-O Na5 12. Qe2 Ne4 13. Bd2 Nb3 14. Rab1 Nbxd2 15. Nxd2 Nxc3 16. bxc3 Qc7 17. h3 Bxa3 18. c4 dxc4 19. Nxc4 Be7 20. Ne5 a5
21. Qh5 g6 22. Qg4 Bd6 23. f4 a4 24. h4 a3 25. h5 Bd5 26. hxg6 hxg6 27. e4 Bxe5 28. fxe5 Ba8 29. Qd1 Qc3=
1/2-1/2

[Event "1900+ Master norm tournament, 30+1"]
[Site "SchemingMind.com"]
[Date "2009.07.22"]
[Round "-"]
[White "klagefall"]
[Black "Phil Cook"]
[Result "0-1"]
[WhiteCountry "GER"]
[BlackCountry "NZL"]
[WhiteElo "2045"]
[WhiteRD "56"]
[BlackElo "2038"]
[BlackRD "75"]
[GameID "213435"]

1. d4 Nf6 2. c4 e6 3. Nf3 b6 4. a3 Bb7 5. Nc3 d5 6. cxd5 Nxd5 7. Bd2 Bd6 8. Qc2 f5 9. e3 Nxc3 10. Bxc3 O-O
11. Be2 Qe8 12. O-O Qg6 13. Nh4 Qh6 14. g3 Nd7 15. Bf3 Bxf3 16. Nxf3 a5 17. Kg2 Nf6 18. b4 Ne4 19. Ne5 Bxe5 20. dxe5 axb4
21. axb4 Rac8 22. Ra6 Rfd8 23. Rfa1 c5 24. Rxb6 cxb4 25. Rxb4 Rxc3 26. Qb1 Rcc8
0-1

[Event "1900+ Master norm tournament, 30+1"]
[Site "SchemingMind.com"]
[Date "2009.07.25"]
[Round "-"]
[White "_keyes"]
[Black "dvaldez"]
[Result "0-1"]
[WhiteCountry "ENG"]
[BlackCountry "CAN"]
[WhiteElo "1976"]
[WhiteRD "76"]
[BlackElo "1989"]
[BlackRD "75"]
[GameID "213522"]

1. d4 Nf6 2. c4 c5 3. d5 d6 4. Nc3 g6 5. e4 Bg7 6. Bd3 O-O 7. f3 e6 8. Be3 exd5 9. cxd5 a6 10. a4 Nbd7
11. Nge2 Re8 12. Ng3 Qc7 13. O-O Ne5 14. Be2 Rb8 15. h3 c4 16. f4 Ned7 17. Ba7 Ra8 18. Bd4 Rb8 19. a5 b5 20. axb6 Nxb6
21. Bf3 h5 22. Re1 Nbd7 23. Qc2 Nc5 24. Bxc5 Qxc5+ 25. Kh2 h4 26. Nf1 Bh6 27. Qd2 Nd7 28. Bd1 Ne5 29. Ba4 Re7 30. Re2 Nd3
0-1

[Event "1900+ Master norm tournament, 30+1"]
[Site "SchemingMind.com"]
[Date "2009.07.26"]
[Round "-"]
[White "_keyes"]
[Black "Tanis"]
[Result "1-0"]
[WhiteCountry "ENG"]
[BlackCountry "CHN"]
[WhiteElo "1989"]
[WhiteRD "70"]
[BlackElo "1882"]
[BlackRD "70"]
[GameID "213523"]

1. d4 Nf6 2. c4 e6 3. Nc3 Bb4 4. e3 O-O 5. Bd3 d5 6. Nf3 b6 7. a3 Bxc3+ 8. bxc3 Ba6 9. cxd5 Bxd3 10. Qxd3 exd5
11. O-O Qe7 12. a4 Qe6 13. Nd2 c5 14. Ba3 Nbd7 15. dxc5 bxc5 16. Nf3 Rfb8 17. Rfb1
1-0

[Event "1900+ Master norm tournament, 30+1"]
[Site "SchemingMind.com"]
[Date "2009.07.26"]
[Round "-"]
[White "_keyes"]
[Black "maaac"]
[Result "0-1"]
[WhiteCountry "ENG"]
[BlackCountry "AUS"]
[WhiteElo "1989"]
[WhiteRD "70"]
[BlackElo "1996"]
[BlackRD "72"]
[GameID "213524"]

1. d4 Nf6 2. c4 e6 3. Nc3 Bb4 4. e3 Bxc3+ 5. bxc3 b6 6. Bd3 Bb7 7. f3 d6 8. Ne2 O-O 9. O-O c5 10. e4 e5
11. Bg5 Nbd7 12. d5 h6 13. Be3 Nh5 14. g4 Nhf6 15. Ng3 Re8 16. Nf5 Nf8 17. Bxh6 gxh6 18. Nxh6+ Kg7 19. Qd2 Bc8 20. Qg5+ Ng6
21. Qd2 Nf4 22. Nf5+ Bxf5 23. exf5 Nh7 24. Kh1 f6 25. Rg1 Ng5 26. Rg3 Rh8 27. Rd1 Rh3 28. Rxh3 Nfxh3 29. Bf1 Qh8 30. Rb1 Qh4
31. Qg2 Nf2+
0-1

[Event "1900+ Master norm tournament, 30+1"]
[Site "SchemingMind.com"]
[Date "2009.07.27"]
[Round "-"]
[White "_keyes"]
[Black "Buckaroo Bob"]
[Result "0-1"]
[WhiteCountry "ENG"]
[BlackCountry "USA"]
[WhiteElo "1965"]
[WhiteRD "74"]
[BlackElo "1985"]
[BlackRD "72"]
[GameID "213525"]

1. d4 Nf6 2. c4 g6 3. Nc3 d5 4. cxd5 Nxd5 5. e4 Nxc3 6. bxc3 Bg7 7. Nf3 c5 8. Rb1 O-O 9. Be2 Nc6 10. e5 cxd4
11. cxd4 Be6 12. O-O Bxa2 13. Rxb7 Bd5 14. Rb1 Be4 15. Ra1 Rb8 16. Be3 a5 17. Ng5 Bd5 18. Qd2 f6 19. exf6 exf6 20. Nf3 Rb4
21. Rfd1 Qb6 22. Ne1 Rb2 23. Qd3 f5 24. Nc2 Be4 25. Qc4+ Kh8 26. Rdc1 Bxc2 27. Rxc2 Rxc2 28. Qxc2 Nxd4 29. Bxd4 Bxd4 30. Bf3 Bxa1
0-1

[Event "1900+ Master norm tournament, 30+1"]
[Site "SchemingMind.com"]
[Date "2009.07.25"]
[Round "-"]
[White "_keyes"]
[Black "Darko"]
[Result "0-1"]
[WhiteCountry "ENG"]
[BlackCountry "ROU"]
[WhiteElo "1965"]
[WhiteRD "74"]
[BlackElo "2087"]
[BlackRD "70"]
[GameID "213526"]

1. d4 Nf6 2. c4 d5 3. cxd5 Nxd5 4. e4 Nf6 5. Nc3 e5 6. d5 Bc5 7. h3 O-O 8. Nf3 Re8 9. Bb5 c6 10. Bd3 Kh8
11. dxc6 Nxc6 12. Bg5 Be6 13. O-O a6 14. a3 Qe7 15. b4 Ba7 16. Ne2 Red8 17. Qb1 Qd7 18. Rd1 Bxh3 19. gxh3 Qxh3 20. b5 Qxf3
21. Bh4 Nd4 22. Nxd4 Bxd4 23. Ra2 Qg4+ 24. Kf1 Qxh4 25. bxa6 bxa6 26. Qc2 Ng4 27. Bxa6 Rxa6 28. Qc4 Ra7 29. a4 Qh1+ 30. Ke2 Qxe4+
31. Kf1 Qf3 32. Rxd4 exd4 33. Rd2 Ne3+
0-1

[Event "1900+ Master norm tournament, 30+1"]
[Site "SchemingMind.com"]
[Date "2009.07.25"]
[Round "-"]
[White "_keyes"]
[Black "Phil Cook"]
[Result "1/2-1/2"]
[WhiteCountry "ENG"]
[BlackCountry "NZL"]
[WhiteElo "1989"]
[WhiteRD "70"]
[BlackElo "2097"]
[BlackRD "73"]
[GameID "213527"]

1. d4 Nf6 2. c4 e6 3. Nc3 Bb4 4. e3 O-O 5. Bd3 d6 6. Ne2 d5 7. O-O dxc4 8. Bxc4 Nbd7 9. a3 Be7 10. b4 a5
11. bxa5 Rxa5 12. Bb2 Nb6 13. Bd3 h6 14. Qd2 c5 15. Ne4 Na4 16. Nxf6+ Bxf6 17. Rfd1 Nxb2 18. Qxb2 cxd4 19. Qb4 Be7 20. Qb3 e5
21. exd4 exd4 22. Nxd4 Bf6=
1/2-1/2

[Event "1900+ Master norm tournament, 30+1"]
[Site "SchemingMind.com"]
[Date "2009.07.26"]
[Round "-"]
[White "_keyes"]
[Black "klagefall"]
[Result "1/2-1/2"]
[WhiteCountry "ENG"]
[BlackCountry "GER"]
[WhiteElo "1929"]
[WhiteRD "70"]
[BlackElo "2060"]
[BlackRD "60"]
[GameID "213528"]

1. d4 d5 2. c4 e6 3. Nc3 Be7 4. Nf3 Nf6 5. Bg5 O-O 6. e3 h6 7. Bxf6 Bxf6 8. cxd5 exd5 9. Qb3 c6 10. Bd3 a5
11. O-O Re8 12. Rac1 Na6 13. Na4 b5 14. Nc5 Nxc5 15. Rxc5 a4 16. Qd1 Bd7 17. Bb1 g6 18. Qd2 Kg7 19. Ne1 Be7 20. Rc1 Bd6
21. h3 Qf6=
1/2-1/2

[Event "1900+ Master norm tournament, 30+1"]
[Site "SchemingMind.com"]
[Date "2009.07.25"]
[Round "-"]
[White "dvaldez"]
[Black "_keyes"]
[Result "1-0"]
[WhiteCountry "CAN"]
[BlackCountry "ENG"]
[WhiteElo "1993"]
[WhiteRD "72"]
[BlackElo "1965"]
[BlackRD "74"]
[GameID "213529"]

1. e4 c5 2. Nf3 d6 3. d4 cxd4 4. Nxd4 Nf6 5. Nc3 a6 6. Be3 e5 7. Nb3 Be6 8. f3 Be7 9. Qd2 Nbd7 10. g4 Rc8
11. O-O-O Qc7 12. Kb1 O-O 13. g5 Nh5 14. Qf2 b5 15. h4 Ra8 16. Bh3 g6 17. Bg4 Ng7 18. h5 Bxg4 19. fxg4 Qb8 20. Nd5 Bd8
21. Nf6+ Nxf6 22. gxf6 Ne6 23. g5 Qb7 24. hxg6 fxg6 25. Rxd6 Qc8 26. Qh2 Rf7 27. Qxe5 Nf8 28. Qd5 Bc7 29. Rc6 Qd7 30. Rd1 Qxd5
31. exd5 Rd8 32. d6 a5 33. Rd3 Bb8 34. Bb6 Rdd7 35. Nc5
1-0

[Event "1900+ Master norm tournament, 30+1"]
[Site "SchemingMind.com"]
[Date "2009.07.25"]
[Round "-"]
[White "Tanis"]
[Black "_keyes"]
[Result "0-1"]
[WhiteCountry "CHN"]
[BlackCountry "ENG"]
[WhiteElo "1882"]
[WhiteRD "70"]
[BlackElo "1989"]
[BlackRD "70"]
[GameID "213530"]

1. e4 c5 2. Nf3 d6 3. d4 cxd4 4. Nxd4 Nf6 5. Nc3 a6 6. Bg5 e6 7. f4 Be7 8. Qf3 Qc7 9. O-O-O Nbd7 10. g4 b5
11. Bxf6 Nxf6 12. g5 Nd7 13. f5 Bxg5+ 14. Kb1 e5 15. Nd5 Qb7 16. Ne6 fxe6 17. Qh5+ Kf8
0-1

[Event "1900+ Master norm tournament, 30+1"]
[Site "SchemingMind.com"]
[Date "2009.07.25"]
[Round "-"]
[White "maaac"]
[Black "_keyes"]
[Result "1-0"]
[WhiteCountry "AUS"]
[BlackCountry "ENG"]
[WhiteElo "1980"]
[WhiteRD "68"]
[BlackElo "1929"]
[BlackRD "70"]
[GameID "213531"]

1. d4 Nf6 2. c4 e6 3. g3 d5 4. Nf3 dxc4 5. Bg2 c6 6. Ne5 Qa5+ 7. Nc3 Qa6 8. O-O Bd6 9. e4 Bxe5 10. dxe5 Nfd7
11. Qg4 g6 12. f4 b5 13. Be3 b4 14. Ne2 c5 15. Qg5 h6 16. Qh4 Qb6 17. f5 Nxe5 18. Qf6 Rf8 19. Qxe5 Nd7 20. Qg7 Bb7
21. fxg6 fxg6 22. Qxg6+
1-0

[Event "1900+ Master norm tournament, 30+1"]
[Site "SchemingMind.com"]
[Date "2009.07.27"]
[Round "-"]
[White "Buckaroo Bob"]
[Black "_keyes"]
[Result "1-0"]
[WhiteCountry "USA"]
[BlackCountry "ENG"]
[WhiteElo "1985"]
[WhiteRD "72"]
[BlackElo "1965"]
[BlackRD "74"]
[GameID "213532"]

1. c4 Nf6 2. Nc3 e6 3. e4 d6 4. Nf3 c5 5. d4 cxd4 6. Nxd4 a6 7. Be2 Be7 8. O-O O-O 9. f4 Nbd7 10. b3 Qc7
11. Bf3 Rb8 12. Bb2 b6 13. Rc1 Bb7 14. Qe2 Qc5 15. Na4 Qc7 16. e5 Bxf3 17. Qxf3 dxe5 18. Nc6 Rbe8 19. fxe5 Nxe5 20. Bxe5 Qb7
21. Nxe7+ Rxe7 22. Bd6 Qxf3 23. Rxf3 Rb7 24. Bxf8 Kxf8 25. c5 b5 26. c6 Rc7 27. Nc5 Ra7 28. Nxa6
1-0

[Event "1900+ Master norm tournament, 30+1"]
[Site "SchemingMind.com"]
[Date "2009.07.25"]
[Round "-"]
[White "Darko"]
[Black "_keyes"]
[Result "0-1"]
[WhiteCountry "ROU"]
[BlackCountry "ENG"]
[WhiteElo "2087"]
[WhiteRD "70"]
[BlackElo "1965"]
[BlackRD "74"]
[GameID "213533"]

1. e4 c5 2. Nf3 d6 3. d4 cxd4 4. Nxd4 Nf6 5. Nc3 a6 6. Be3 e5 7. Nb3 Be6 8. f3 Be7 9. Qd2 O-O 10. O-O-O Nbd7
11. g4 Rc8 12. Kb1 Qc7 13. h4 b5 14. Qf2 Rfd8 15. Nd5 Bxd5 16. exd5 Rb8 17. g5 Nh5 18. Bh3 g6 19. Bg4 Ng7 20. h5 a5
21. hxg6 fxg6 22. Qh2 Nf8 23. Nd2 b4 24. Ne4 Ne8 25. Be6+ Kh8 26. Bf7 Kg7 27. Be6 Kh8 28. Qh6 Ng7 29. Bf7 Nf5 30. Qh2 Nxe3
31. Rde1 h5 32. Rxe3 Kg7 33. Be6 Nxe6 34. dxe6 Rf8 35. Rf1 Qc8 36. Qh3 Rf5 37. Rd3 Qc6 38. Ng3 Rxg5 39. f4 exf4 40. Rxf4 Rf8
41. Rxf8 Bxf8 42. Qf1 Qe8 43. Re3 Re5 44. Rxe5 dxe5 45. Qa6 Qd8 46. Qb7+ Be7 47. Qf3 Qf8 48. Qg2 h4 49. Ne2 Qf5
0-1

[Event "1900+ Master norm tournament, 30+1"]
[Site "SchemingMind.com"]
[Date "2009.07.25"]
[Round "-"]
[White "Phil Cook"]
[Black "_keyes"]
[Result "1/2-1/2"]
[WhiteCountry "NZL"]
[BlackCountry "ENG"]
[WhiteElo "2097"]
[WhiteRD "73"]
[BlackElo "1989"]
[BlackRD "70"]
[GameID "213534"]

1. Nf3 Nf6 2. c4 e6 3. Nc3 b6 4. g3 Bb7 5. Bg2 Be7 6. O-O O-O 7. d4 d5 8. Ne5 c6 9. e4 dxe4 10. Bf4 Nbd7
11. Nxe4 Nxe4 12. Bxe4 Nxe5 13. dxe5 Qxd1 14. Raxd1 Rad8 15. a4 h6 16. Be3 Bb4 17. g4 Ba8 18. Kg2 Bb7 19. g5 hxg5 20. Bxg5 Rb8
21. Rd7 a5 22. Rfd1 Ba8 23. Bd8 Bc5 24. Bc7 Rbc8 25. R1d3 g6 26. Bd6 Bxd6 27. R3xd6 Rfe8 28. Ra7 Rf8 29. b3 Kh8 30. Kf3 Kg8
31. Kg2=
1/2-1/2

[Event "1900+ Master norm tournament, 30+1"]
[Site "SchemingMind.com"]
[Date "2009.07.25"]
[Round "-"]
[White "klagefall"]
[Black "_keyes"]
[Result "0-1"]
[WhiteCountry "GER"]
[BlackCountry "ENG"]
[WhiteElo "2045"]
[WhiteRD "56"]
[BlackElo "2012"]
[BlackRD "73"]
[GameID "213535"]

1. d4 Nf6 2. c4 e6 3. Nf3 b6 4. a3 Bb7 5. Nc3 Be7 6. e4 Nxe4 7. d5 Nxc3 8. bxc3 Bf6 9. Bd3 Bxc3+ 10. Bd2 Bxa1
11. Qxa1 f6 12. O-O O-O 13. Qb1 f5 14. Bc3 Na6 15. Qa1 Qe7
0-1